000 00372 a2200121 4500
001 ART_14694
005 20260410161613.0
008 260409a
245 1 0 _aCómo construir un sello de liderazgo
100 1 _aUlrich, Dave
700 1 _aSmallwood, Norm
773 0 _tHarvard Business Review
_gEl rumbo de amazon - Vol. 85, Nº 10 (oct. 2007)
_wREV340
999 _c10825
_d10825